La supervisión en el trabajo social

Gespeichert in:
Bibliographische Detailangaben
1. Verfasser: Fernández Barrera, Josefina (VerfasserIn)
Format: Buch
Sprache:Spanisch
Veröffentlicht: Barcelona Paidós 1997
Schriftenreihe:Paidós Trabajo Social, 4
Schlagworte:
Tags: Tag hinzufügen
Keine Tags, Fügen Sie den ersten Tag hinzu!

MARC

LEADER 00000nam a2200000 a 4500
001 UCM2677
003 CL-VaPUC
008 020613e19970000SP |||||||||||||||||spa|d
082 0 4 |a 361.3  |b FER  |2 21 
100 0 |a Fernández Barrera, Josefina  |e author  |9 469409 
245 1 3 |a La supervisión en el trabajo social 
300 |a 208 p 
942 |c BK 
945 |d 20020613 00:00:00  |a cmena 
260 |a Barcelona  |b Paidós  |c 1997 
650 0 |a Trabajo social   |9 307856 
650 7 |a SUPERVISORES  |2 CL-VaPUC  |9 338460 
650 0 |a Educación superior   |9 223851 
650 0 |a Técnicas de evaluación   |9 469410 
583 |a last modification  |c 20020613 00:00:00  |k Rodrigo Vera 
490 0 |a Paidós Trabajo Social, 4 
999 |c 300406  |d 300404 
952 |0 0  |1 0  |4 0  |6 361_300000000000000_FER_1997  |7 0  |8 A  |9 358144  |a BIBGIM  |b BIBGIM  |d 2019-11-21  |i 3817768  |o 361.3 FER 1997  |p 3817768  |r 2025-01-15  |w 2019-11-21  |y BK  |k SSL